000 00525nam a2200169 a 4500
020 _a9251008590 (pbk.)
040 _cDLC
082 0 0 _a333 FOO 1979 A074 Or.
100 1 _aGil, N.
245 1 0 _aWatershed development with special reference to soil and water conservation /
260 _aRome :
_bFood and Agriculture Organization of the United Nations,
_c1979.
300 _ax, 257 p. :
_bill. ;
_c28 cm.
650 0 _aSoil conservation.
650 0 _aWatershed management.
650 0 _aWater conservation.
942 _cEK
999 _c15071
_d15071